01168cam a22003013a 4500001000500000005001700005020001700022040002800039050001300067082000800080100001900088245012300107260003900230300003700269490003700306500003200343505000800375520022900383521002000612521002000632650003500652650002000687650002700707655003000734655002800764700003700792700003700829118920231123144518.0 a078073003990 aIMFcIMFdDLCdDLCbeng00aPZ7.P915 a8131 aPreller, James14aThe case of the race against time /cby James Preller ; illustrated by Jamie Smith ; cover illustration by R.W. Alley. aNew York :bScholastic Inc.,c2003 a84 pages :bIllustrationsc20 cm1 aA Jigsaw Jones mystery vBook 20 a"A Little Apple paperback." aJ  a"Jigsaw is in big-time trouble! For a dollar a day, Jigsaw and Mila make problems go away. But now Jigsaw has some trouble of his own. He lost grandfather's watch! Can Jigsaw and Mila find the watch before time runs out?" a460 bLexile  aJ bRaz-Plus  0aDetective and mystery stories. 0aBearsvFiction. 0aGrandfathersvFiction. 7aChildren's stories.2lcsh 7aMystery fiction.2gsafd1 aSmith, Jamied1971-eillustrator1 aAlley, R. W.d1955-eillustrator